000 00526nam a2200217Ia 4500
003 OSt
005 20220930190216.0
006 a|||||r|||| 00| 0
007 ta
008 220926b |||||||| |||| 00| 0 eng d
024 _a71163
037 _cTextbook
040 _aCRL
_cCRL
_beng
041 _2eng
_aeng
082 _aY1:5sn2:M8, K4.11,6,11
245 0 _aCensus of India 1961
260 _c1964
650 _aSOCIOLOGY
942 _hY1:5sn2:M8, K4.11,6,11
_cTB
_2CC
999 _c891754
_d891754